<?xml version="1.0" encoding="UTF-8"?><?xml-stylesheet type="text/xsl" href="static/style.xsl"?><OAI-PMH xmlns="http://www.openarchives.org/OAI/2.0/" xmlns:xsi="http://www.w3.org/2001/XMLSchema-instance" xsi:schemaLocation="http://www.openarchives.org/OAI/2.0/ http://www.openarchives.org/OAI/2.0/OAI-PMH.xsd"><responseDate>2026-06-03T01:34:43Z</responseDate><request verb="GetRecord" identifier="oai:riuma.uma.es:10630/13352" metadataPrefix="marc">https://riuma.uma.es/rest/oai/request</request><GetRecord><record><header><identifier>oai:riuma.uma.es:10630/13352</identifier><datestamp>2026-02-03T12:53:05Z</datestamp><setSpec>com_10630_5701</setSpec><setSpec>com_10630_3139</setSpec><setSpec>com_10630_10</setSpec><setSpec>col_10630_13311</setSpec></header><metadata><record xmlns="http://www.loc.gov/MARC21/slim" xmlns:dcterms="http://purl.org/dc/terms/" xmlns:doc="http://www.lyncode.com/xoai" xmlns:xsi="http://www.w3.org/2001/XMLSchema-instance" xsi:schemaLocation="http://www.loc.gov/MARC21/slim http://www.loc.gov/standards/marcxml/schema/MARC21slim.xsd">
   <leader>00925njm 22002777a 4500</leader>
   <datafield ind2=" " ind1=" " tag="042">
      <subfield code="a">dc</subfield>
   </datafield>
   <datafield ind2=" " ind1=" " tag="720">
      <subfield code="a">Zeller, Olivier</subfield>
      <subfield code="e">author</subfield>
   </datafield>
   <datafield ind2=" " ind1=" " tag="260">
      <subfield code="c">2016</subfield>
   </datafield>
   <datafield ind2=" " ind1=" " tag="520">
      <subfield code="a">Très convoité, le droit de bourgeoisie lyonnais permettait d’être exempt de l’impôt royal de la taille sur les propriétés rurales, ainsi que de vendre la production viticole dans des cabarets&#xd;
urbains francs de droits d’octroi. Ces privilèges s’obtenaient en naissant à Lyon ou en apportant&#xd;
la preuve d’une résidence continuelle en ville. Les fraudeurs multiplièrent les stratagèmes. Les&#xd;
uns usaient de la corruption, excipaient de domiciles fictifs ou commettaient des faux. Les autres mettaient en place des stratégies transférant les patrimoines familiaux à de jeunes migrants dépêchés tout exprès vers Lyon. Même des nobles sollicitaient un passe-droit pour devenir bourgeois</subfield>
   </datafield>
   <datafield ind2=" " ind1=" " tag="520">
      <subfield code="a">Strongly desired, the bourgeoisie of Lyon guaranteed an full exemption of the taille, a&#xd;
royal tax over rural properties, as well as the right of selling wine free of duties in urban wine-&#xd;
shops. These privileges could be obtained either by beeing born in Lyon, either by giving&#xd;
proofs of a long residentship inside the town. Defrauders used a lot of stratagems. Some of them&#xd;
were committing bribery, had fictive residences or produced forgeries. Others followed strategies&#xd;
aiming to transfer patrimony towards a young migrant intentionally sent in Lyon. Even&#xd;
members of the nobility were asking for a favour in view of becoming bourgeois.</subfield>
   </datafield>
   <datafield ind2=" " ind1=" " tag="520">
      <subfield code="a">Fuertemente reclamado, la burguesía de Lyon logra una exención completa de la taille, un&#xd;
impuesto real sobre las propiedades rurales, así como el derecho de vender el vino con exención&#xd;
de impuestos en tabernas urbanas. Estos privilegios se pueden obtener ya sea por haber nacido&#xd;
en Lyon, ya sea dando pruebas de un prolongada residencia en la ciudad. Los defraudadores&#xd;
utilizaban una gran variedad de estratagemas. Algunas de ellas era directamente cometer sobornos,&#xd;
tener residencias ficticias o falsificarlas. Otros siguieron otras estrategias como transferir&#xd;
el patrimonio a un joven migrante enviado intencionalmente en Lyon. Incluso los miembros de&#xd;
la nobleza estaban solicitando pasar a ser burgueses</subfield>
   </datafield>
   <datafield ind1="8" ind2=" " tag="024">
      <subfield code="a">Fraude et évasión fiscale dans les villes Au Moyen Âge et à l'époque moderne: monográfico. Baetica, 36-37, 2014-2015, p. 31-48</subfield>
   </datafield>
   <datafield ind1="8" ind2=" " tag="024">
      <subfield code="a">0212-5099</subfield>
   </datafield>
   <datafield ind1="8" ind2=" " tag="024">
      <subfield code="a">http://hdl.handle.net/10630/13352</subfield>
   </datafield>
   <datafield tag="653" ind2=" " ind1=" ">
      <subfield code="a">Fraude fiscal - Historia - Francia - S. XVII-XVIII</subfield>
   </datafield>
   <datafield ind2="0" ind1="0" tag="245">
      <subfield code="a">Fraudes autour du droit de bourgeoisie de Lyon (XVIIe-XVIIIe siècles)</subfield>
   </datafield>
</record>
</metadata></record></GetRecord></OAI-PMH>